000 00706cam a22002293a 4500
001 24844
003 PGUSA
005 20140828083532.0
008 080316s2008||||xxu|||||s|||||000 | eng d
040 _aPGUSA
_beng
042 _adc
050 4 _aN
100 1 _aVasconcellos, Joaquim de,
_d1849-1936
245 1 0 _aO Ensino da Historia da Arte nos Lyceus e as excursões escolares
_h[electronic resource] /
_cJoaquim de Vasconcellos
260 _bProject Gutenberg,
_c2008
506 _aPublic domain in the USA.
516 _aElectronic text
653 _aArt -- History -- Study and teaching
830 0 _aProject Gutenberg
_v24844
856 4 0 _uhttp://www.gutenberg.org/ebooks/24844
942 _cEB
999 _c254099
_d254099